000 00468nab a2200145Ia 4500
003 ES-SlBCS
005 20210601131005.0
008 140529s1986 xxu||||| |||| 00| 0 fre d
041 _afre
100 1 _aOchs, Peter
_971384
245 0 0 _aÀ propos de l'actualité de Charles Peirce
_c Peter Ochs
600 1 4 _aPeirce, Charles Sanders
_d, 1839-1914
_9127274
773 0 _tRevue de Métaphysique et de Morale
_gvol. 91, nº. 4, 1986, págs. 506-518
_wRev1457
942 _cAR
999 _c555810
_d555810